| 000 -LEADER |
| fixed length control field |
00295nam a2200109Ia 4500 |
| 008 - FIXED-LENGTH DATA ELEMENTS--GENERAL INFORMATION |
| fixed length control field |
200302s9999 xx 000 0 und d |
| 100 ## - MAIN ENTRY--PERSONAL NAME |
| Personal name |
B. G. Hutchinson |
| 245 ## - TITLE STATEMENT |
| Title |
Principles of Urban Transport Systems Planning |
| 260 ## - PUBLICATION, DISTRIBUTION, ETC. |
| Name of publisher, distributor, etc. |
Tata Mcgraw-Hill Publishing Co. |
| 260 ## - PUBLICATION, DISTRIBUTION, ETC. |
| Date of publication, distribution, etc. |
1947 |
| 300 ## - PHYSICAL DESCRIPTION |
| Extent |
444 P., |